Statystyki dla 10 największych miast w Jemenie

Kliknij tutaj aby rozwiązać quiz!

Ogólne statystyki

  • Ten quiz został rozwiązany 12 razy
  • Średni wynik to 5 z 10

Statystyki odpowiedzi

Liczba mieszkańcówNazwa miasta% Poprawnych
1 707 531Sana
100%
588 938Aden
67%
409 994Al-Hudajda
50%
182 478Al-Mukalla
50%
212 992Ibb
50%
466 968Taizz
42%
146 346Zamar
42%
77 825Amran
33%
55 760Badżil
33%
51 870Sada
33%

Rozkład punktacji

Percentyl według liczby udzielonych odpowiedzi

Procent ludzi z każdym wynikiem

Twoja historia wyników

Nie rozwiązałeś tego quizu